Countries Most Similar To Lesotho - Statistics

General Stats
  • This quiz has been taken 23 times
  • The average score is 14 of 20
Answer Stats
Rank Country Score % Correct
1 Eswatini 78.5
100%
4 Botswana 72.9
92%
10 South Africa 69.7
92%
3 Zambia 74.3
92%
2 Zimbabwe 74.4
92%
15 Burundi 65.5
83%
6 Namibia 72.3
83%
11 Rwanda 69.1
83%
16 Angola 65.2
75%
17 DRC 64.8
75%
12 Mozambique 67.9
75%
8 Uganda 70.9
75%
7 Kenya 71.3
67%
5 Malawi 72.5
67%
9 Tanzania 69.8
67%
13 Ghana 66.6
58%
14 Nigeria 65.6
50%
19 Burkina Faso 64.7
33%
18 Liberia 64.9
33%
20 Sierra Leone 64.7
33%
No matching quizzes found
Score Distribution
Percent of People with Each Score
Percentile by Number Answered
Your Score History
You have not taken this quiz